00567nam a22002057a 4500003001100000005001700011008004100028020001500069040003900084041000800123082001600131100004000147110002200187245001200209260006300221300001600284490003200300650001300332650001600345LK-CoMWRAF20230910190103.0230910b2001 |||||||| |||| 00| 0 eng d a9556250123 aLK-CoMWRAFdLK-CoMWRAFeLK-CoMWRAF aeng a340.59bKOD aKodikara, ChulanivSamanthi, Janaki aZacrariya, Faizun aDivorce aColombo :bMuslim Women's Research and Action Forum,c2001 a18p. ; 25cm aLegal literacy Booklet No.2 aDivorce  aIslamic law